| 000 | 00545nam a22001697a 4500 | ||
|---|---|---|---|
| 003 | OSt | ||
| 005 | 20251105034134.0 | ||
| 008 | 251105b |||||||| |||| 00| 0 eng d | ||
| 020 | _a978-621-405-171-7 | ||
| 040 |
_aDWCL - Main Lib _cOC |
||
| 082 |
_22nd _aFil. 510 P798m 2017 _bc1 |
||
| 100 | _aPonsones, Rigor B. | ||
| 245 |
_aMath Ideas and Lite Applications / _cRigor B. Ponsones |
||
| 260 |
_aQuezon City, Philippines: _bAbiva Publishing House, _cc2017 |
||
| 300 |
_aix, 437 pages: _billustrations; _c26 cm. |
||
| 942 |
_2ddc _cBK-FIL _e2nd _mFil. _n0 |
||
| 999 |
_c5474 _d5474 |
||